000 00320nam a22001337a 4500
008 171024b xxu||||| |||| 00| 0 eng d
020 _a9781598043334
041 _aeng
080 _a311
100 _a55
101 _aSTA
245 _aSTATISTICAL ABSTRACT OF THE UNITED STATES: 2007
_cGUTIERREZ,C.M
942 _2udc
_cBK
999 _c35650
_d35650